| 000 | 00836nam a22002057a 4500 | ||
|---|---|---|---|
| 999 |
_c18058 _d18058 |
||
| 003 | AR-CdUCM | ||
| 008 | 190511b ||||| |||| 00| 0 spa d | ||
| 040 |
_aMUNICIPALIDAD PROVINCIAL DEL CUSCO _cBIBLIOTECA MUNICIPAL DEL CUSCO |
||
| 082 |
_a378.54 / _bM63 |
||
| 100 |
_aMira y López, Emilio _916117 |
||
| 245 | _aEl niño que no aprende / | ||
| 260 |
_aBuenos Aires : _bKapelusz, _c1947. |
||
| 300 |
_a129 páginas ; _c20 cm. |
||
| 440 |
_aBiblioteca de cultura pedagógica ; _938415 |
||
| 505 | _aContenido: Enfoque general -- Causas y motivos del no-aprendizaje -- Aprendizaje escolar versus aprendizaje biosocial -- El adolescente que no aprende -- El niño que olvida. | ||
| 650 |
_aEducación de niños excepcionales _938416 |
||
| 650 |
_aPsicología del aprendizaje _930775 |
||
| 942 |
_2ddc _cLIBROS |
||
| 945 |
_aacv _d2019-05-11 |
||